| 000 | 00000cam##2200000za#4500 |
| 001 | 9.610625 |
| 003 | CaOODSP |
| 005 | 20251208100732 |
| 007 | ta |
| 008 | 150406|1993||||xxc||||| f|0| 0 eng|d |
| 020 | |a0-662-20745-9 |
| 040 | |aCaOODSP|beng |
| 043 | |an-cn--- |
| 086 | 1 |aFo29-6/1-1993E |
| 110 | 1 |aCanada.|bForests Canada. |
| 245 | 10|aBalsam woolly adelgid / |cby R. Turnquist and J. W. E. Harris. |
| 260 | |aVictoria - British Columbia : |bForests Canada |c1993. |
| 300 | |a4p. : |billus., map ; |c28 cm. |
| 490 | 1 |aForest pest leaflet|v1 |
| 720 | 1 |aHarris, J. W. E. |
| 776 | 0#|tBalsam wooly adelgid / |w(CaOODSP)9.573461 |
| 830 | #0|aForest pest leaflet ;|v1|w(CaOODSP)9.514653 |